Parasal iktisat : (Record no. 200131175)
[ view plain ]
| 000 -LEADER | |
|---|---|
| fixed length control field | 01506 a2200301 4500 |
| 001 - CONTROL NUMBER | |
| control field | 200131175 |
| 003 - CONTROL NUMBER IDENTIFIER | |
| control field | TR-AnTOB |
| 005 - DATE AND TIME OF LATEST TRANSACTION | |
| control field | 20240119161041.0 |
| 008 - FIXED-LENGTH DATA ELEMENTS--GENERAL INFORMATION | |
| fixed length control field | 140120r 2013tu 001 0 |
| 020 ## - INTERNATIONAL STANDARD BOOK NUMBER | |
| International Standard Book Number | 9786054334629 |
| 040 ## - CATALOGING SOURCE | |
| Original cataloging agency | TR-AnTOB |
| Language of cataloging | tur |
| Description conventions | rda |
| Transcribing agency | TR-AnTOB |
| 041 ## - LANGUAGE CODE | |
| Language code of text/sound track or separate title | Türkçe |
| 050 ## - LIBRARY OF CONGRESS CALL NUMBER | |
| Classification number | HG1206.5 |
| Item number | .Ö93 2013 |
| 090 ## - LOCALLY ASSIGNED LC-TYPE CALL NUMBER (OCLC); LOCAL CALL NUMBER (RLIN) | |
| Classification number (OCLC) (R) ; Classification number, CALL (RLIN) (NR) | HG1206.5 |
| Local cutter number (OCLC) ; Book number/undivided call number, CALL (RLIN) | .Ö93 2013 |
| 100 1# - MAIN ENTRY--PERSONAL NAME | |
| Personal name | Özatay, Salih Fatih |
| 9 (RLIN) | 62079 |
| 245 10 - TITLE STATEMENT | |
| Title | Parasal iktisat : |
| Remainder of title | kuram ve politika / |
| Statement of responsibility, etc. | Fatih Özatay. |
| 264 ## - PRODUCTION, PUBLICATION, DISTRIBUTION, MANUFACTURE, AND COPYRIGHT NOTICE | |
| Place of production, publication, distribution, manufacture | ©2013 |
| Place of production, publication, distribution, manufacture | Ankara : |
| Name of producer, publisher, distributor, manufacturer | Efil , |
| Date of production, publication, distribution, manufacture, or copyright notice | 2013. |
| 300 ## - PHYSICAL DESCRIPTION | |
| Extent | xxxi,650 sayfa ; |
| Dimensions | 24 cm. |
| 336 ## - CONTENT TYPE | |
| Content type term | text |
| Source | rdacontent |
| Content type code | txt |
| 337 ## - MEDIA TYPE | |
| Media type term | unmediated |
| Source | rdamedia |
| Media type code | n |
| 338 ## - CARRIER TYPE | |
| Carrier type term | volume |
| Source | rdacarrier |
| Carrier type code | nc |
| 505 ## - FORMATTED CONTENTS NOTE | |
| Formatted contents note | 1. Giriş -- 2. Para talebi -- 3. Para arzı -- 4. Faiz haddinin belirlenmesi -- 5.Döviz kurunun belirlenmesi -- 6.Ekonominin genel dengesi -- 7. Parasal aktarma kanalları -- 8.Enflasyonun nedenleri -- 9.Para politikasının amaçları -- 10. Merkez Bankası bağımsızlığı -- 11.Maliye politikası ile para politikası arasındaki iletişim -- 12. Para politikası rejimleri-1: Parasal kontrol ve döviz kuruna dayalı rejimler -- 13. Para politikası rejimleri-2: Enflasyon hedeflemesi -- 14.Para politikasının araçları -- 15.Kırılganlık baskınlığı -- 16.Finansal kriz kuramları -- 17. 2001 Türkiye ve 2007-(?) küresel krizleri |
| 650 #0 - SUBJECT ADDED ENTRY--TOPICAL TERM | |
| Topical term or geographic name entry element | Monetary policy |
| Geographic subdivision | Turkey |
| 9 (RLIN) | 24834 |
| Topical term or geographic name entry element | Para politikası |
| Geographic subdivision | Türkiye |
| General subdivision | Ekonometrik modeller |
| 9 (RLIN) | 17839 |
| 942 ## - ADDED ENTRY ELEMENTS (KOHA) | |
| Source of classification or shelving scheme | Library of Congress Classification |
| Koha item type | Book |
| Withdrawn status | Lost status | Source of classification or shelving scheme | Not for loan | Collection code | Home library | Current library | Shelving location | Date acquired | Source of acquisition | Inventory number | Total Checkouts | Total Holds | Full call number | Barcode | Date last seen | Date last checked out | Copy number | Cost, replacement price | Date shelved | Koha item type | Public note |
|---|---|---|---|---|---|---|---|---|---|---|---|---|---|---|---|---|---|---|---|---|---|
| Library of Congress Classification | Ödünç Verilebilir / Available | Genel Koleksiyon | Merkez Kütüphane | Merkez Kütüphane | Genel Koleksiyon / Main Collection | 10/01/2014 | Satın Alma / Purchase | İKT | 29 | 1 | HG1206.5 .Ö93 2013 | 0043756 | 05/08/2024 | 26/07/2024 | 1 | 45.00 | 09/01/2014 | Book | |||
| Library of Congress Classification | Ödünç Verilebilir / Available | Genel Koleksiyon | Merkez Kütüphane | Merkez Kütüphane | Genel Koleksiyon / Main Collection | 10/01/2014 | Satın Alma / Purchase | İKT | 49 | 1 | HG1206.5 .Ö93 2013 c.2 | 0043757 | 03/02/2025 | 07/01/2025 | 2 | 45.00 | 09/01/2014 | Book | |||
| Library of Congress Classification | Ödünç Verilebilir / Available | Genel Koleksiyon | Merkez Kütüphane | Merkez Kütüphane | Genel Koleksiyon / Main Collection | 10/01/2014 | Satın Alma / Purchase | İKT | 35 | 1 | HG1206.5 .Ö93 2013 c.3 | 0043758 | 06/08/2024 | 24/07/2024 | 3 | 0.00 | 09/01/2014 | Book | |||
| Library of Congress Classification | Ödünç Verilebilir / Available | Genel Koleksiyon | Merkez Kütüphane | Merkez Kütüphane | Genel Koleksiyon / Main Collection | 10/01/2014 | Satın Alma / Purchase | İKT | 53 | 1 | HG1206.5 .Ö93 2013 c.4 | 0043759 | 19/12/2024 | 18/12/2024 | 4 | 0.00 | 09/01/2014 | Book |
